=LDR 00000nam 2200000 4500 =001 INLIS000000000019293 =005 20130612114356 =008 ***********************************Ind** =035 ##$$0010-061300000019293 =041 ##$$a Ind =082 ##$$a 720.094 =090 ##$$a 720.094, Sum a =100 ##$$a Sumalyo, Yulianto =245 ##$$a Arsitektur klasik eropah, Yulianto Sumalyo =260 ##$$a 2003 $b Yogyakarta =300 ##$$a viii, 561 hlm, 29 cm =650 ##$$a Arsitektur-Eropah =850 ##$$a NBPNMAT